Normal view MARC view
  • Peckham, Herbert D

Entry Personal Name

Number of records used in: 1

001 - CONTROL NUMBER

  • control field: 112229

003 - CONTROL NUMBER IDENTIFIER

  • control field: NUST

005 - DATE AND TIME OF LATEST TRANSACTION

  • control field: 20230509121454.0

008 - FIXED-LENGTH DATA ELEMENTS

  • fixed length control field: 230509|| aca||aabn | a|a d

040 ## - CATALOGING SOURCE

  • Original cataloging agency: NUST
  • Transcribing agency: NUST

100 ## - HEADING--PERSONAL NAME

  • Personal name: Peckham, Herbert D

670 ## - SOURCE DATA FOUND

  • Source citation: Work cat.: (NUST)174888: Peckham, Herbert D., Hands-on BASIC for the DEC professional /, c1985.
© 2023 Central Library, National University of Sciences and Technology. All Rights Reserved.